Catálogo

El espíritu del don / (Registro nro. 63271)

Detalles MARC
000 -LEADER
fixed length control field 01289cam a2200361 i 4500
001 - CONTROL NUMBER
control field 63271
003 - CONTROL NUMBER IDENTIFIER
control field Mx-PuUPA
005 - DATE AND TIME OF LATEST TRANSACTION
control field 20260218120501.0
008 - FIXED-LENGTH DATA ELEMENTS--GENERAL INFORMATION
fixed length control field 150717s1997 mx gr 000 0 spa d
020 ## - INTERNATIONAL STANDARD BOOK NUMBER
International Standard Book Number 9682320720
040 ## - CATALOGING SOURCE
Original cataloging agency Mx-PuUPA
Language of cataloging spa
Transcribing agency Mx-PuUPA
Modifying agency Mx-PuUPA
Description conventions rda
041 1# - LANGUAGE CODE
Language code of text/sound track or separate title spa
Language code of original fre
100 1# - MAIN ENTRY--PERSONAL NAME
Personal name Godbout, Jacques,
Dates associated with a name 1939-
9 (RLIN) 17675
240 10 - UNIFORM TITLE
Uniform title L'esprit du don.
Language of a work Español
245 13 - TITLE STATEMENT
Title El espíritu del don /
Statement of responsibility, etc. por Jacques T. Godbout ; en colaboración con Alain Caillé ; traducción de Eliane Cazenave-Tapie.
250 ## - EDITION STATEMENT
Edition statement Primera edición
264 #1 - PRODUCTION, PUBLICATION, DISTRIBUTION, MANUFACTURE, AND COPYRIGHT NOTICE
Place of production, publication, distribution, manufacture México, D.F. :
Name of producer, publisher, distributor, manufacturer Siglo XXI Editores,
Date of production, publication, distribution, manufacture, or copyright notice 1997
300 ## - PHYSICAL DESCRIPTION
Extent 298 Páginas ;
Dimensions 21 cm
336 ## - CONTENT TYPE
Content type term texto
Fuente rdacontent
Content type code txt
337 ## - MEDIA TYPE
Media type term sin medio
Source rdamedia
Media type code n
338 ## - CARRIER TYPE
Carrier type term volumen
Source rdacarrier
Carrier type code nc
490 0# - SERIES STATEMENT
Series statement Teoría
650 #7 - SUBJECT ADDED ENTRY--TOPICAL TERM
Source of heading or term armarc
Topical term or geographic name entry element Donaciones
General subdivision Aspectos sociales
650 #7 - SUBJECT ADDED ENTRY--TOPICAL TERM
Source of heading or term armarc
Topical term or geographic name entry element Solidaridad
650 #7 - SUBJECT ADDED ENTRY--TOPICAL TERM
Source of heading or term armarc
Topical term or geographic name entry element Humanitarismo
General subdivision Ética
650 #7 - SUBJECT ADDED ENTRY--TOPICAL TERM
Source of heading or term armarc
Topical term or geographic name entry element Altruismo
General subdivision Conducta (Ética)
700 1# - ADDED ENTRY--PERSONAL NAME
Personal name Caillé, Alain,
Relator term colabordor
700 1# - ADDED ENTRY--PERSONAL NAME
Personal name Cazenave-Tapie, Eliane,
Relator term traductor
765 0# - ORIGINAL LANGUAGE ENTRY
Main entry heading Godbout, Jacques, 1939-
Place, publisher, and date of publication París : Éditions la découverte, 1992
Title L'esprit du don.
942 ## - ADDED ENTRY ELEMENTS (KOHA)
Source of classification or shelving scheme Dewey Decimal Classification
Koha item type Libro
Classification part 171.8
Item part G5718
Existencias
Withdrawn status Lost status Source of classification or shelving scheme Damaged status Not for loan Collection code Home library Current library Shelving location Date acquired Source of acquisition Total Checkouts Full call number Barcode Date last seen Date last checked out Price effective from Koha item type
    Dewey Decimal Classification     General Tehuacán Tehuacán Sala general 24/09/2015 Compra   171.8 G5718 1997 968000002935 03/03/2026 25/04/2017 24/09/2015 Libro
    Dewey Decimal Classification     General Tehuacán Tehuacán Sala general 17/07/2015 Compra   171.8 GOD 1997 509881 08/01/2025   17/07/2015 Libro